[Event "FRA-chT2 0910"]
[Site "France"]
[Date "2009.10.17"]
[Round "2.1"]
[White "Boulard, Eric"]
[Black "Pozdnjakov, Evgueniy"]
[Result "1-0"]
[WhiteElo "2243"]
[BlackElo "2243"]
[PlyCount "111"]
[EventDate "2009.09.27"]
[EventType "team"]
[EventRounds "11"]
[EventCountry "FRA"]
[Source "ChessBase"]
[SourceDate "2010.03.11"]

1. e4 e6 2. d4 d5 3. Nd2 Nf6 4. e5 Nfd7 5. f4 c5 6. c3 Nc6 7. Ndf3 Qb6 8. g3
cxd4 9. cxd4 Bb4+ 10. Kf2 f6 11. Kg2 O-O 12. Bd3 f5 13. Ne2 Be7 14. h3 a5 15.
g4 Nb4 16. Bb1 Qd8 17. Ng3 Nb6 18. Rg1 Bd7 19. Kh2 Rc8 20. Rg2 Qc7 21. Bd2 Nc2
22. Bxc2 Qxc2 23. Qxc2 Rxc2 24. gxf5 Nc4 25. f6 Nxd2 26. Nxd2 Bb4 27. Ngf1 Rf7
28. a3 Bxd2 29. Rxd2 Rxd2+ 30. Nxd2 gxf6 31. Nf3 Bb5 32. exf6 Rxf6 33. Kg3 a4
34. Ne5 Bc4 35. Kf3 Rh6 36. Rg1+ Kf8 37. Kg3 b5 38. h4 Rh5 39. Re1 Ke7 40. Nf3
h6 41. Kg4 Rf5 42. Ne5 Kd6 43. Kf3 Rf6 44. Rg1 Kc7 45. Rg7+ Kc8 46. Ng4 Rf5 47.
Rg6 Bb3 48. Rxe6 Rh5 49. Kg3 Bd1 50. Re5 Rxe5 51. fxe5 Kd7 52. Nxh6 b4 53. Ng4
bxa3 54. bxa3 Ke6 55. Kf4 Kf7 56. Ne3 1-0

[Event "FRA-chT2 0910"]
[Site "France"]
[Date "2009.10.17"]
[Round "2.1"]
[White "David, Vincent"]
[Black "Bodenez, Vincent"]
[Result "1/2-1/2"]
[WhiteElo "2413"]
[BlackElo "2204"]
[PlyCount "112"]
[EventDate "2009.09.27"]
[EventType "team"]
[EventRounds "11"]
[EventCountry "FRA"]
[Source "ChessBase"]
[SourceDate "2010.03.11"]

1. d4 Nf6 2. c4 c5 3. Nf3 cxd4 4. Nxd4 e5 5. Nb5 d5 6. cxd5 Bb4+ 7. Bd2 Bc5 8.
e3 O-O 9. Qc2 Na6 10. a3 Nxd5 11. N1c3 Be6 12. Bd3 g6 13. Nxd5 Qxd5 14. Nc3 Qb3
15. Qxb3 Bxb3 16. Ne4 Be7 17. Bc3 f6 18. g4 Rad8 19. Ke2 Nc7 20. h4 Nd5 21. Ba5
b6 22. Be1 Nc7 23. Bb4 Nd5 24. Bxe7 Nxe7 25. Rhc1 f5 26. gxf5 gxf5 27. Nd2 Be6
28. Rc7 Rd7 29. Rxd7 Bxd7 30. Nb3 Nc6 31. Bc4+ Kg7 32. Rd1 Be8 33. Bd5 e4 34.
Bxc6 Bxc6 35. Nd4 Bd7 36. f4 Rc8 37. Kd2 Kg6 38. Rg1+ Kf6 39. Rg5 h6 40. Rg1
Rc7 41. Rg8 Rc8 42. Rxc8 Bxc8 43. Nc6 Bd7 44. Ne5 Be8 45. Kc3 Ke6 46. Kd4 Kd6
47. a4 Bxa4 48. b4 Be8 49. Nc4+ Ke6 50. Na3 Kd6 51. Nc4+ Ke6 52. Na3 Ba4 53.
Nc4 Bb5 54. Ne5 a5 55. Kc3 a4 56. Kc2 Kd5 1/2-1/2

[Event "FRA-chT2 0910"]
[Site "France"]
[Date "2009.10.17"]
[Round "2.1"]
[White "Dicko, Henri"]
[Black "Bernard, Christophe"]
[Result "1/2-1/2"]
[WhiteElo "2219"]
[BlackElo "2356"]
[PlyCount "88"]
[EventDate "2009.09.27"]
[EventType "team"]
[EventRounds "11"]
[EventCountry "FRA"]
[Source "ChessBase"]
[SourceDate "2010.03.11"]

1. e4 c5 2. Nf3 d6 3. d4 cxd4 4. Nxd4 Nf6 5. Nc3 Nc6 6. Bg5 e6 7. Qd2 a6 8.
O-O-O Bd7 9. f4 h6 10. Bxf6 Qxf6 11. e5 dxe5 12. Ndb5 Qd8 13. Nd6+ Bxd6 14.
Qxd6 Qe7 15. Ne4 f5 16. Nc5 Qxd6 17. Rxd6 O-O-O 18. Bc4 Kc7 19. Rhd1 Bc8 20.
fxe5 Nxe5 21. Rxd8 Rxd8 22. Nxe6+ Bxe6 23. Bxe6 Rxd1+ 24. Kxd1 f4 25. Ke2 a5
26. h4 Kd6 27. Bc8 b6 28. Ba6 Ng6 29. h5 Ne5 30. Kf2 Ke6 31. g3 Kf5 32. a3 Ng4+
33. Kf3 fxg3 34. Bc8+ Kg5 35. Bxg4 g2 36. Kxg2 Kxg4 37. b4 axb4 38. axb4 b5 39.
c4 bxc4 40. Kf2 Kf4 41. Ke2 Ke4 42. Kd2 Ke5 43. Ke3 Kd5 44. Kd2 Kc6 1/2-1/2

[Event "FRA-chT2 0910"]
[Site "France"]
[Date "2009.10.17"]
[Round "2.1"]
[White "Flear, Glenn C"]
[Black "Favarel, Julien"]
[Result "1/2-1/2"]
[WhiteElo "2497"]
[BlackElo "2299"]
[PlyCount "223"]
[EventDate "2009.09.27"]
[EventType "team"]
[EventRounds "11"]
[EventCountry "FRA"]
[Source "ChessBase"]
[SourceDate "2010.03.11"]
[WhiteTeam "L'Echiquier du Roy René"]

1. d4 Nf6 2. c4 g6 3. Nc3 Bg7 4. e4 d6 5. f4 O-O 6. Nf3 c5 7. d5 e6 8. Be2 exd5
9. cxd5 Bg4 10. O-O Nbd7 11. h3 Bxf3 12. Bxf3 Re8 13. g4 h6 14. Qc2 a6 15. Be3
b5 16. Rae1 Nb6 17. Bf2 Nfd7 18. Bg3 Bd4+ 19. Kg2 Nc4 20. Nd1 Qa5 21. Re2 Qxa2
22. e5 dxe5 23. d6 Rad8 24. Bd5 e4 25. Rxe4 Kg7 26. g5 Rxe4 27. Qxe4 Nd2 28.
Qxd4+ cxd4 29. Bxa2 Nxf1 30. Kxf1 Nc5 31. gxh6+ Kxh6 32. Bh4 Rxd6 33. Be7 Rc6
34. Bxf7 Nd3 35. Bg5+ Kg7 36. Bd5 Rd6 37. Bf3 Re6 38. Be2 Nxf4 39. Bg4 Re8 40.
Bxf4 Rf8 41. Ke2 Rxf4 42. Nf2 a5 43. Bd7 Rf7 44. Bc6 Rc7 45. Be4 a4 46. Nd3 g5
47. Kd2 a3 48. bxa3 Rc3 49. Bf5 Rxa3 50. Bd7 Ra2+ 51. Ke1 Ra1+ 52. Ke2 Rb1 53.
Kf3 b4 54. Ke4 b3 55. Kxd4 b2 56. Nxb2 Rxb2 57. Ke5 Rb4 58. Bg4 Kg6 59. Bd7 Kh5
60. Kf6 Rb6+ 61. Ke5 Kg6 62. Be8+ Kh6 63. Bd7 Rb7 64. Bf5 Rb2 65. Bd7 Rf2 66.
Ke6 Kg6 67. Ke5 Rf1 68. Ke4 Kf6 69. Bc8 Rf4+ 70. Kd5 Rf3 71. Ke4 Rc3 72. Bg4
Rc4+ 73. Kd5 Ra4 74. Bd7 Ra1 75. Bg4 Re1 76. Kd4 Ke7 77. Kd5 Ra1 78. Ke5 Ra5+
79. Ke4 Kd6 80. Bc8 Re5+ 81. Kf3 Rc5 82. Ba6 Ra5 83. Bc8 Ra4 84. Kg3 Ke5 85.
Bd7 Rd4 86. Bc8 Rd8 87. Ba6 Kf5 88. Be2 Rd2 89. Bg4+ Ke5 90. Bc8 Rd8 91. Ba6
Rd4 92. Bc8 Kf6 93. Ba6 Kg6 94. Be2 Rd2 95. Ba6 Kh5 96. Bb5 Rb2 97. Be8+ Kh6
98. Bd7 Re2 99. h4 gxh4+ 100. Kxh4 Rg2 101. Bg4 Kg6 102. Bf3 Rg1 103. Be4+ Kf6
104. Bb7 Rg7 105. Ba6 Kf5 106. Bd3+ Kf4 107. Kh5 Rg5+ 108. Kh6 Rd5 109. Bc2 Rg5
110. Kh7 Ke5 111. Kh8 Kf6 112. Bd3 1/2-1/2

[Event "FRA-chT2 0910"]
[Site "France"]
[Date "2009.10.17"]
[Round "2.1"]
[White "Gillet, Richard"]
[Black "Jessel, Stephen"]
[Result "0-1"]
[WhiteElo "2101"]
[BlackElo "2293"]
[PlyCount "92"]
[EventDate "2009.09.27"]
[EventType "team"]
[EventRounds "11"]
[EventCountry "FRA"]
[Source "ChessBase"]
[SourceDate "2010.03.11"]

1. e4 e6 2. d4 d5 3. Nc3 Nf6 4. Bg5 Bb4 5. e5 h6 6. exf6 hxg5 7. fxg7 Rg8 8. h4
gxh4 9. Qg4 Qf6 10. Rxh4 Nc6 11. Rh8 Rxh8 12. g8=Q+ Rxg8 13. Qxg8+ Ke7 14. Bb5
Qxd4 15. Nge2 Bxc3+ 16. bxc3 Qh4 17. O-O-O Rb8 18. Nd4 Qf4+ 19. Kb2 a6 20. Ba4
e5 21. Re1 Kd7 22. g3 Qf6 23. Ka1 b5 24. Nxc6 Kxc6 25. Qe8+ Kd6 26. Bb3 c6 27.
Rh1 e4 28. Qf8+ Kc7 29. Rh6 Qxc3+ 30. Kb1 Be6 31. Qe7+ Kb6 32. Qd6 Rc8 33. Bxd5
Qe1+ 34. Kb2 Qd2 35. Rxe6 fxe6 36. Qxe6 Qd4+ 37. Kc1 Rc7 38. Bxe4 Qxf2 39. g4
Qe1+ 40. Kb2 Qb4+ 41. Kc1 Qa3+ 42. Kb1 Qb4+ 43. Kc1 Re7 44. Qxc6+ Ka5 45. Bf3
Re1+ 46. Bd1 Qf4+ 0-1

[Event "FRA-chT2 0910"]
[Site "France"]
[Date "2009.10.17"]
[Round "2.1"]
[White "Iglesias, Joachim"]
[Black "Fedorchuk, Sergey A"]
[Result "1/2-1/2"]
[WhiteElo "2266"]
[BlackElo "2643"]
[PlyCount "40"]
[EventDate "2009.09.27"]
[EventType "team"]
[EventRounds "11"]
[EventCountry "FRA"]
[Source "ChessBase"]
[SourceDate "2010.03.11"]
[BlackTeam "Meaux"]

1. d4 Nf6 2. c4 e6 3. Nc3 Bb4 4. a3 Bxc3+ 5. bxc3 O-O 6. f3 Nh5 7. Nh3 f5 8. e3
d6 9. Bd3 Nc6 10. O-O Nf6 11. Qc2 Qe8 12. Bd2 Na5 13. g4 Bd7 14. Rae1 Ba4 15.
Qb1 Bb3 16. gxf5 Bxc4 17. Rf2 Bxd3 18. Qxd3 exf5 19. Qxf5 Nc4 20. Bc1 d5
1/2-1/2

[Event "FRA-chT2 0910"]
[Site "France"]
[Date "2009.10.17"]
[Round "2.1"]
[White "Kosten, Anthony C"]
[Black "Franca, Ricardo Bedin"]
[Result "1-0"]
[WhiteElo "2506"]
[BlackElo "2304"]
[PlyCount "163"]
[EventDate "2009.09.27"]
[EventType "team"]
[EventRounds "11"]
[EventCountry "FRA"]
[Source "ChessBase"]
[SourceDate "2010.03.11"]
[WhiteTeam "Chamalières"]

1. c4 c6 2. e4 d5 3. exd5 cxd5 4. d4 Nf6 5. Nc3 Nc6 6. Bg5 Be6 7. a3 h6 8. Bxf6
exf6 9. c5 Be7 10. Bb5 O-O 11. Nge2 Qc7 12. O-O f5 13. f4 Rad8 14. b4 Nb8 15.
Qd2 Nd7 16. Bxd7 Qxd7 17. b5 b6 18. c6 Qc7 19. Nc1 a5 20. Nd3 Bf6 21. Qf2 Kh8
22. Rfe1 Rd6 23. Ne5 Qd8 24. Rac1 Qc7 25. Re3 Kg8 26. Rce1 Ra8 27. Na4 Rb8 28.
Qc2 Rdd8 29. Nc3 Rdc8 30. Qd3 Qd6 31. Ne2 Bh4 32. Rf1 Re8 33. Rh3 Be7 34. Qc2
Rbc8 35. Ng3 g6 36. Ne2 Bf8 37. Re3 Bg7 38. Re1 Bf6 39. Nc3 Kg7 40. Na4 Qc7 41.
Qd2 Rb8 42. R1e2 Rg8 43. g3 Qd6 44. Rc3 Rgc8 45. Qe3 Rc7 46. Rec2 Qd8 47. h3
Kh7 48. Kh1 Be7 49. Rg2 Bd6 50. Kh2 Qc8 51. h4 h5 52. Re2 Re7 53. Qf3 f6 54.
Nd7 Bxd7 55. Rxe7+ Bxe7 56. cxd7 Qxd7 57. Rc6 Bd8 58. Nc3 Rb7 59. Nxd5 Qf7 60.
Ne3 Rd7 61. d5 Qe7 62. Nc4 Qe1 63. d6 Rb7 64. Rc5 Rd7 65. Rd5 Qe6 66. a4 Qe1
67. Rd2 Rg7 68. Qe2 Qa1 69. Qd1 Qc3 70. Qc2 Qb4 71. Re2 Qc5 72. Qd3 g5 73. hxg5
fxg5 74. Ne5 Kg8 75. Rc2 Qb4 76. Nc6 Qxa4 77. Nxd8 gxf4 78. Qd5+ Kh8 79. Nf7+
Rxf7 80. Rc8+ Kg7 81. Qe5+ Rf6 82. Rc7+ 1-0

[Event "FRA-chT2 0910"]
[Site "France"]
[Date "2009.10.17"]
[Round "2.1"]
[White "Lejarre, Ludovic"]
[Black "Jolly, Jean Francois"]
[Result "0-1"]
[WhiteElo "2386"]
[BlackElo "2398"]
[PlyCount "66"]
[EventDate "2009.09.27"]
[EventType "team"]
[EventRounds "11"]
[EventCountry "FRA"]
[Source "ChessBase"]
[SourceDate "2010.03.11"]

1. e4 e5 2. d4 exd4 3. Qxd4 Nc6 4. Qe3 Nf6 5. Nc3 Bb4 6. Bd2 O-O 7. O-O-O Re8
8. Qg3 Rxe4 9. a3 Bxc3 10. Bxc3 d5 11. f3 Nh5 12. Qf2 Re8 13. Ne2 Be6 14. g4
Nf6 15. g5 Nd7 16. Rg1 Qe7 17. Nf4 Qd6 18. Nh5 d4 19. Bxd4 Nxd4 20. Qxd4 Qxd4
21. Rxd4 Ne5 22. Bg2 c5 23. Rdd1 Nc4 24. Rge1 Bf5 25. Ng3 Be6 26. a4 Nb6 27. a5
Nd5 28. f4 Nxf4 29. Bxb7 Rab8 30. Bc6 Rec8 31. Bf3 c4 32. Ne4 Rb4 33. Rd4 Nd3+
0-1

[Event "FRA-chT2 0910"]
[Site "France"]
[Date "2009.10.17"]
[Round "2.1"]
[White "Miron, Lucian Costin"]
[Black "Laclau, Daniel"]
[Result "1-0"]
[WhiteElo "2491"]
[BlackElo "2280"]
[PlyCount "65"]
[EventDate "2009.09.27"]
[EventType "team"]
[EventRounds "11"]
[EventCountry "FRA"]
[Source "ChessBase"]
[SourceDate "2010.03.11"]
[WhiteTeam "Naujac"]

1. d4 Nf6 2. c4 g6 3. g3 Bg7 4. Bg2 d6 5. Nf3 O-O 6. O-O Nc6 7. Nc3 a6 8. Qd3
Rb8 9. d5 Nb4 10. Qd1 a5 11. Nd4 Nd7 12. Nb3 Ne5 13. Nd2 c6 14. a3 Na6 15. h3
cxd5 16. Nxd5 b5 17. cxb5 Rxb5 18. f4 Nd7 19. Nc4 Ndc5 20. a4 Rb8 21. Nxa5 Qxa5
22. Nxe7+ Kh8 23. Nc6 Qc7 24. Nxb8 Qxb8 25. e3 Nb3 26. Ra3 Nac5 27. Bd5 Be6 28.
Bxe6 fxe6 29. Qc2 Rc8 30. Rd1 Rg8 31. a5 Bf8 32. a6 Qa8 33. Rxb3 1-0

[Event "FRA-chT2 0910"]
[Site "France"]
[Date "2009.10.17"]
[Round "2.1"]
[White "Pasquier, Thomas"]
[Black "Anic, Darko"]
[Result "1/2-1/2"]
[WhiteElo "2277"]
[BlackElo "2445"]
[PlyCount "134"]
[EventDate "2009.09.27"]
[EventType "team"]
[EventRounds "11"]
[EventCountry "FRA"]
[Source "ChessBase"]
[SourceDate "2010.03.11"]
[BlackTeam "Lodève"]

1. d4 c6 2. c4 Nf6 3. Nf3 d6 4. e3 Bg4 5. Be2 Nbd7 6. h3 Bh5 7. Nc3 e5 8. O-O
Be7 9. b4 a6 10. Bb2 O-O 11. Nh4 Bxe2 12. Qxe2 Re8 13. dxe5 Nxe5 14. Rfd1 b5
15. Nxb5 Qb8 16. Nd4 Qxb4 17. f4 Nxc4 18. Nxc6 Qxb2 19. Qxc4 d5 20. Qd4 Qb5 21.
Rac1 Ba3 22. Rc2 Re4 23. Qd3 Bc5 24. Nf5 Qxc6 25. Qxe4 dxe4 26. Ne7+ Bxe7 27.
Rxc6 h5 28. Rdc1 Bb4 29. Rc8+ Rxc8 30. Rxc8+ Kh7 31. Kf2 a5 32. Rc7 Kg6 33. g3
Nd5 34. Rc6+ Kf5 35. Rc8 Nc3 36. a3 Nd1+ 37. Ke2 Nc3+ 38. Kf1 Nd5 39. Ke2 Nc3+
40. Kf1 Bxa3 41. Rxc3 Bb4 42. Rc7 Ke6 43. Ke2 g6 44. g4 hxg4 45. hxg4 Bd6 46.
Ra7 Bb4 47. Rb7 Bd6 48. Ra7 Bb4 49. Kd1 f6 50. Ra6+ Kf7 51. Kc2 Bc5 52. Kd2 f5
53. Ke2 Bb4 54. Ra7+ Ke6 55. Ra6+ Kf7 56. Ra7+ Ke6 57. g5 Bc3 58. Kd1 a4 59.
Rxa4 Kf7 60. Kc2 Be1 61. Ra7+ Kg8 62. Rb7 Ba5 63. Rd7 Bb6 64. Rd6 Bxe3 65.
Rxg6+ Kh7 66. Rf6 Bxf4 67. Rxf5 Be3 1/2-1/2

[Event "FRA-chT2 0910"]
[Site "France"]
[Date "2009.10.17"]
[Round "2.1"]
[White "Payen, Arnaud"]
[Black "Hetey, Laszlo"]
[Result "1-0"]
[WhiteElo "2356"]
[BlackElo "2347"]
[PlyCount "143"]
[EventDate "2009.09.27"]
[EventType "team"]
[EventRounds "11"]
[EventCountry "FRA"]
[Source "ChessBase"]
[SourceDate "2010.03.11"]

1. d4 Nf6 2. Nf3 e6 3. e3 b6 4. Bd3 Bb7 5. O-O d5 6. Ne5 Bd6 7. Nd2 O-O 8. f4
Ne4 9. Nxe4 dxe4 10. Bc4 Qe7 11. a4 f6 12. Ng4 Kh8 13. a5 Nd7 14. b3 Rad8 15.
axb6 axb6 16. Qe2 Ra8 17. Bb2 Rfd8 18. Rfd1 Qe8 19. Qf1 c6 20. Be2 Qg6 21. Rxa8
Rxa8 22. Ra1 Qe8 23. Rxa8 Bxa8 24. Qa1 Bb7 25. Qa7 Qc8 26. Qa1 b5 27. c4 bxc4
28. bxc4 Be7 29. c5 h6 30. h3 Kh7 31. Bc4 Nf8 32. Qa7 h5 33. Nf2 f5 34. g3 Bd8
35. d5 cxd5 36. Ba6 Be7 37. Qxb7 Qxb7 38. Bxb7 Bxc5 39. Nd1 Kh6 40. h4 Kg6 41.
Kf2 Kf7 42. Bc6 Nh7 43. Ke2 Nf6 44. Nf2 Ke7 45. Be5 g6 46. Ba4 Bd6 47. Bd4 Bb8
48. Nd1 Ng4 49. Nc3 Nh2 50. Bc5+ Kf7 51. Nb5 Nf3 52. Bb3 Kf6 53. Bb4 Kf7 54.
Kd1 Nh2 55. Ke2 Ke8 56. Nd4 Kf7 57. Bc5 Bc7 58. Ba4 e5 59. Nb5 Ba5 60. fxe5 Nf3
61. Bb3 Nxe5 62. Bxd5+ Ke8 63. Nd6+ Kd7 64. Nc4 Nxc4 65. Bxc4 Ke8 66. Bd6 Bd8
67. Bf4 Kf8 68. Kd2 Kg7 69. Kc3 Bf6+ 70. Kb4 Bb2 71. Kc5 Kh7 72. Kd6 1-0

[Event "FRA-chT2 0910"]
[Site "France"]
[Date "2009.10.17"]
[Round "2.1"]
[White "Pytel, Krzysztof"]
[Black "Dobosz, Henryk"]
[Result "1/2-1/2"]
[WhiteElo "2380"]
[BlackElo "2367"]
[PlyCount "91"]
[EventDate "2009.09.27"]
[EventType "team"]
[EventRounds "11"]
[EventCountry "FRA"]
[Source "ChessBase"]
[SourceDate "2010.03.11"]
[WhiteTeam "Livry Gargan"]

1. d4 d5 2. Nf3 c6 3. e3 Bf5 4. Bd3 Bxd3 5. cxd3 Nd7 6. O-O e6 7. e4 Bd6 8. Nc3
Ne7 9. Re1 O-O 10. e5 Bc7 11. Bg5 b5 12. Rc1 Bb6 13. Ne2 Rc8 14. Ng3 h6 15. Bh4
Qe8 16. Bxe7 Qxe7 17. Re2 Rc7 18. Rec2 Rfc8 19. Qe2 a6 20. h4 c5 21. dxc5 Nxc5
22. h5 Na4 23. Rxc7 Rxc7 24. Rxc7 Qxc7 25. Qd2 Ba5 26. b4 Bb6 27. Ne2 Qa7 28.
d4 Qc7 29. g4 Qc4 30. g5 Bd8 31. g6 Qc7 32. Kg2 Nb6 33. Qf4 Qe7 34. Qg4 Nd7 35.
Nf4 Nf8 36. gxf7+ Qxf7 37. Nd3 a5 38. bxa5 Bxa5 39. Nh4 Bb6 40. Ng6 Nh7 41. Nc5
Bxc5 42. dxc5 Ng5 43. f4 Ne4 44. c6 Qa7 45. Qxe6+ Kh7 46. Nf8+ 1/2-1/2

[Event "FRA-chT2 0910"]
[Site "France"]
[Date "2009.10.17"]
[Round "2.1"]
[White "Roeder, Mathias"]
[Black "Hautot, Stephane"]
[Result "1/2-1/2"]
[WhiteElo "2410"]
[BlackElo "2420"]
[PlyCount "68"]
[EventDate "2009.09.27"]
[EventType "team"]
[EventRounds "11"]
[EventCountry "FRA"]
[Source "ChessBase"]
[SourceDate "2010.03.11"]

1. Nf3 Nf6 2. c4 g6 3. Nc3 Bg7 4. e4 d6 5. d4 O-O 6. h3 e5 7. d5 Nbd7 8. Be3
Nc5 9. Nd2 a5 10. a3 Nfd7 11. g4 Bf6 12. Qf3 Bg5 13. Be2 Bxe3 14. Qxe3 Kg7 15.
h4 h6 16. h5 g5 17. b3 Nf6 18. f3 Na6 19. Kf2 c5 20. Rhb1 Bd7 21. Nf1 Qe7 22.
Ke1 Rfb8 23. Bd3 Ne8 24. Qe2 Kf8 25. Ne3 Nac7 26. Kd2 Ng7 27. Kc2 Qd8 28. Kd2
Ke7 29. Ra2 Kf8 30. Rab2 Na6 31. Ra2 Ke7 32. Rab2 Kf8 33. Ra2 Ke7 34. Rab2 Kf8
1/2-1/2

[Event "FRA-chT2 0910"]
[Site "France"]
[Date "2009.10.17"]
[Round "2.1"]
[White "Wunderman, Xavier"]
[Black "Lepelletier, Benoit"]
[Result "0-1"]
[WhiteElo "2168"]
[BlackElo "2418"]
[PlyCount "90"]
[EventDate "2009.09.27"]
[EventType "team"]
[EventRounds "11"]
[EventCountry "FRA"]
[Source "ChessBase"]
[SourceDate "2010.03.11"]

1. e4 e5 2. Nc3 Bc5 3. f4 d6 4. Nf3 Nf6 5. Bc4 Nc6 6. d3 a6 7. fxe5 dxe5 8. Bg5
h6 9. Bh4 Qd6 10. Qd2 Ne7 11. Rf1 O-O 12. O-O-O Ng6 13. h3 b5 14. Bb3 Bd7 15.
g4 a5 16. Bxf6 Qxf6 17. g5 Qf4 18. Qxf4 exf4 19. d4 Be7 20. a4 hxg5 21. Rg1 g4
22. hxg4 b4 23. Nd5 Bd8 24. g5 Ra6 25. Ne5 Nxe5 26. dxe5 Rg6 27. Kb1 Rxg5 28.
Rxg5 Bxg5 29. Rg1 Bd8 30. Nxf4 Re8 31. Nh5 g5 32. Rd1 Bc8 33. Ng3 Kg7 34. Nf5+
Kg6 35. Rf1 Be6 36. Bxe6 fxe6 37. Nd4 g4 38. Kc1 Bg5+ 39. Kb1 Be3 40. Rf6+ Kh5
41. Nxe6 Rxe6 42. Rxe6 g3 43. Re8 g2 44. Rh8+ Kg4 45. Rg8+ Bg5 0-1

[Event "FRA-chT2 0910"]
[Site "France"]
[Date "2009.10.17"]
[Round "2.2"]
[White "Abello, Sebastien"]
[Black "Lemeaux, David"]
[Result "1/2-1/2"]
[WhiteElo "2284"]
[BlackElo "2212"]
[PlyCount "76"]
[EventDate "2009.09.27"]
[EventType "team"]
[EventRounds "11"]
[EventCountry "FRA"]
[Source "ChessBase"]
[SourceDate "2010.03.11"]

1. d4 d5 2. c4 e6 3. Nc3 Nf6 4. cxd5 exd5 5. Bg5 Be7 6. e3 O-O 7. Bd3 Nbd7 8.
Qc2 Re8 9. Nge2 Nf8 10. O-O Be6 11. Rad1 a6 12. f3 Rc8 13. h3 c5 14. dxc5 Rxc5
15. Nd4 b5 16. a3 Qb6 17. Qf2 Bc8 18. Nb3 Rxc3 19. bxc3 Bxa3 20. Nd4 Bc5 21.
Kh1 N6d7 22. Qg3 Ne5 23. Bf5 Bb7 24. Rfe1 Nc4 25. e4 Nd6 26. e5 Nxf5 27. Nxf5
Bf2 28. Qg4 Bxe1 29. Rxe1 Bc8 30. Ne7+ Rxe7 31. Qxc8 Qe6 32. Qa8 Re8 33. Qb7
Nd7 34. Be3 Nf8 35. Bd4 Re7 36. Qa8 Re8 37. Qb7 Re7 38. Qa8 Re8 1/2-1/2

[Event "FRA-chT2 0910"]
[Site "France"]
[Date "2009.10.17"]
[Round "2.2"]
[White "Bernard, Vincent"]
[Black "Eustache, Boris"]
[Result "1/2-1/2"]
[WhiteElo "2185"]
[BlackElo "2168"]
[PlyCount "82"]
[EventDate "2009.09.27"]
[EventType "team"]
[EventRounds "11"]
[EventCountry "FRA"]
[Source "ChessBase"]
[SourceDate "2010.03.11"]

1. Nf3 Nf6 2. c4 e6 3. Nc3 d5 4. d4 Be7 5. Bg5 h6 6. Bh4 O-O 7. e3 b6 8. cxd5
Nxd5 9. Bxe7 Qxe7 10. Nxd5 exd5 11. Be2 Be6 12. O-O c5 13. dxc5 bxc5 14. Qa4
Nd7 15. Rac1 a6 16. Qa3 Qf6 17. b4 cxb4 18. Qxb4 Rfb8 19. Qd2 Ne5 20. Nxe5 Qxe5
21. Rb1 a5 22. Rxb8+ Qxb8 23. Bf3 Qb4 24. Rd1 Qxd2 25. Rxd2 Rc8 26. Bd1 Kf8 27.
f3 Ke7 28. Bb3 Rc3 29. Kf2 d4 30. Rxd4 Bxb3 31. axb3 Rxb3 32. Ra4 Rb5 33. Ra2
Kd6 34. Ke2 Kc5 35. Kd3 Kb4 36. Rb2+ Ka4 37. Rc2 Rb3+ 38. Kd4 Rb4+ 39. Kd3 Rb3+
40. Kd4 Ka3 41. Rc7 Rb2 1/2-1/2

[Event "FRA-chT2 0910"]
[Site "France"]
[Date "2009.10.17"]
[Round "2.2"]
[White "Buchy, Daniel"]
[Black "Dussart, Frederic"]
[Result "1/2-1/2"]
[WhiteElo "2137"]
[BlackElo "2264"]
[PlyCount "96"]
[EventDate "2009.09.27"]
[EventType "team"]
[EventRounds "11"]
[EventCountry "FRA"]
[Source "ChessBase"]
[SourceDate "2010.03.11"]

1. f4 d5 2. Nf3 Nf6 3. e3 g6 4. b3 Bg7 5. Bb2 O-O 6. Be2 b6 7. O-O c5 8. Ne5
Nfd7 9. d4 Nxe5 10. dxe5 Nc6 11. Bf3 e6 12. c4 Ne7 13. Nc3 Bb7 14. Qd2 Qd7 15.
Rad1 Rad8 16. Ne4 Qc7 17. Nf6+ Kh8 18. Qf2 h6 19. Rd2 dxc4 20. Bxb7 Rxd2 21.
Qxd2 Rd8 22. Qe2 Qxb7 23. Rd1 Qc7 24. bxc4 Bxf6 25. exf6 Nc6 26. Be5 Rxd1+ 27.
Qxd1 Nxe5 28. fxe5 Qxe5 29. Qd8+ Kh7 30. Qe7 Qxe3+ 31. Kf1 Qc1+ 32. Kf2 Qc2+
33. Ke3 Qc1+ 34. Kd3 Qf1+ 35. Ke3 Qg1+ 36. Kf3 Qd1+ 37. Kf2 Qd4+ 38. Kf3 Qd3+
39. Kf2 Qf5+ 40. Ke3 Qe5+ 41. Kf3 Qh5+ 42. g4 Qh3+ 43. Kf2 Qxh2+ 44. Kf3 Qh1+
45. Kf2 Qh4+ 46. Kf3 Qh3+ 47. Kf2 Qh2+ 48. Kf3 Qh1+ 1/2-1/2

[Event "FRA-chT2 0910"]
[Site "France"]
[Date "2009.10.17"]
[Round "2.2"]
[White "Cartier, Nicolas"]
[Black "Krauss, Michel"]
[Result "1-0"]
[WhiteElo "2098"]
[BlackElo "2141"]
[PlyCount "73"]
[EventDate "2009.09.27"]
[EventType "team"]
[EventRounds "11"]
[EventCountry "FRA"]
[Source "ChessBase"]
[SourceDate "2010.03.11"]

1. e4 e5 2. Nf3 Nc6 3. d4 exd4 4. Nxd4 Bc5 5. Be3 Bb6 6. Nxc6 bxc6 7. Bxb6 cxb6
8. Bc4 Qg5 9. O-O Ne7 10. Qd6 Qg6 11. Qf4 O-O 12. Nc3 b5 13. Bd3 Qe6 14. Qg3 f5
15. exf5 Nxf5 16. Qg5 d5 17. Rae1 Qf6 18. Qxf6 Rxf6 19. Re8+ Rf8 20. Rfe1 Bd7
21. Rxa8 Rxa8 22. Re5 g6 23. h3 Kf7 24. f4 a5 25. g4 Nd4 26. Kf2 Ne6 27. f5 Nc5
28. fxg6+ hxg6 29. Bf1 b4 30. Ne2 Ne4+ 31. Ke3 Kf6 32. Kd4 Be6 33. g5+ Nxg5 34.
Re3 Bf5 35. Kc5 Ra6 36. Nd4 Ne4+ 37. Rxe4 1-0

[Event "FRA-chT2 0910"]
[Site "France"]
[Date "2009.10.17"]
[Round "2.2"]
[White "Collas, Didier"]
[Black "Van Elst, Andreas"]
[Result "1-0"]
[WhiteElo "2422"]
[BlackElo "2279"]
[PlyCount "97"]
[EventDate "2009.09.27"]
[EventType "team"]
[EventRounds "11"]
[EventCountry "FRA"]
[Source "ChessBase"]
[SourceDate "2010.03.11"]

1. d4 Nf6 2. Nf3 g6 3. Nbd2 Bg7 4. e4 O-O 5. e5 Ne8 6. Ne4 d5 7. Nc5 b6 8. Nd3
c5 9. Be3 Nc6 10. dxc5 d4 11. Bf4 bxc5 12. Qd2 Qd5 13. c4 Qxc4 14. b3 Qd5 15.
Rc1 Ba6 16. Rxc5 Qe4+ 17. Be2 Bxd3 18. Qxd3 Qxf4 19. Rxc6 Rd8 20. O-O f6 21. g3
Qg4 22. Rd1 fxe5 23. Nxd4 Qh3 24. Qc4+ Kh8 25. Qe6 Qh6 26. Nf3 Rxd1+ 27. Bxd1
Bf6 28. Kg2 Nd6 29. Nxe5 Qd2 30. Bg4 Ne4 31. Nxg6+ hxg6 32. Qxe4 Bd4 33. Rc8
Qxf2+ 34. Kh3 Qf1+ 35. Qg2 Qxg2+ 36. Kxg2 Rxc8 37. Bxc8 Kg7 38. h4 Kf6 39. Kf3
Ke5 40. g4 Bb2 41. g5 Kd6 42. Ba6 Bc3 43. Bd3 Be1 44. Kg4 e5 45. Bxg6 Kd5 46.
h5 e4 47. h6 Bc3 48. Bxe4+ Kxe4 49. g6 1-0

[Event "FRA-chT2 0910"]
[Site "France"]
[Date "2009.10.17"]
[Round "2.2"]
[White "Cursoux, Laurent"]
[Black "Vicol, Dorian"]
[Result "0-1"]
[WhiteElo "2249"]
[BlackElo "2381"]
[PlyCount "98"]
[EventDate "2009.09.27"]
[EventType "team"]
[EventRounds "11"]
[EventCountry "FRA"]
[Source "ChessBase"]
[SourceDate "2010.03.11"]
[BlackTeam "Mundolsheim"]

1. e4 c5 2. Nf3 d6 3. Nc3 Nf6 4. Bc4 e6 5. O-O Be7 6. d3 O-O 7. Bg5 h6 8. Bh4
Nc6 9. h3 Na5 10. e5 dxe5 11. Nxe5 b6 12. Qe2 Bb7 13. Rfe1 Nxc4 14. dxc4 Ne4
15. Nxe4 Bxh4 16. Rad1 Qc7 17. Nd6 Rad8 18. Nb5 Qe7 19. Nxa7 Bxg2 20. Kxg2 Qxa7
21. Qe4 Qe7 22. Nc6 Qg5+ 23. Qg4 Rxd1 24. Rxd1 Qf6 25. Rf1 Rc8 26. Qe4 Bg5 27.
b3 Bf4 28. Rd1 e5 29. Na7 Re8 30. Nb5 Qg5+ 31. Kf1 Qh5 32. Rd3 f5 33. Qd5+ Kh7
34. Nd6 Re7 35. Qf3 Qg6 36. Qg2 Qf6 37. Rd5 Re6 38. Nb5 e4 39. c3 Qf7 40. h4 e3
41. fxe3 Rxe3 42. Qf2 Qh5 43. Qxf4 Rf3+ 44. Qxf3 Qxf3+ 45. Ke1 Qe4+ 46. Kd2 f4
47. Nd6 Qe3+ 48. Kc2 f3 49. Rd3 Qe5 0-1